[Event "Davos Challenge op"]
[Site "Davos"]
[Date "2022.06.04"]
[Round "2"]
[White "Sanchez Hernandez, Alvaro"]
[Black "Dushatskiy, Fedor"]
[Result "0-1"]
[WhiteElo "1754"]
[BlackElo "2107"]
[PlyCount "52"]
[EventDate "2022.06.03"]
[EventType "swiss"]
[EventRounds "7"]
[EventCountry "SUI"]
[SourceTitle "CBM 208 Extra"]
[Source "ChessBase"]
[SourceDate "2022.07.31"]
[SourceVersion "1"]
[SourceVersionDate "2022.07.31"]
[SourceQuality "1"]

1. d4 d5 2. c4 e6 3. Nf3 Nf6 4. g3 c5 5. cxd5 exd5 6. Bg2 Nc6 7. 0-0 h6 8. Nc3 Be7 9. dxc5 Bxc5 10. a3 0-0 11. b4 Be7 12. Bb2 a6 13. Rc1 Be6 14. Nd4 Nxd4 15. Qxd4 a5 16. b5 Qd7 17. Na4 Qxb5 18. Nb6 Ra6 19. Na4 Rc6 20. Rxc6 bxc6 21. Rc1 Rb8 22. Rc2 c5 23. Nc3 cxd4 24. Nxb5 Rxb5 25. Bxd4 Rb1+ 26. Bf1 Bh3 0-1

[Event "Madrid-ch Previa-B"]
[Site "Madrid"]
[Date "2020.02.15"]
[Round "5"]
[White "Rojas Pozo, Jose Luis"]
[Black "Sanchez Hernandez, Alvaro"]
[Result "1/2-1/2"]
[WhiteElo "1938"]
[BlackElo "1772"]
[PlyCount "129"]
[EventDate "2020.02.06"]
[EventType "swiss"]
[EventRounds "9"]
[EventCountry "ESP"]
[SourceTitle "CBM 195 Extra"]
[Source "ChessBase"]
[SourceDate "2020.05.31"]
[SourceVersion "1"]
[SourceVersionDate "2020.05.31"]
[SourceQuality "1"]

1. d4 Nf6 2. Nf3 e6 3. c4 Bb4+ 4. Bd2 c5 5. Bxb4 cxb4 6. Nbd2 0-0 7. e3 b6 8. Bd3 Bb7 9. 0-0 d5 10. Qe2 Ne4 11. cxd5 exd5 12. Rac1 Nd7 13. Ba6 Bxa6 14. Qxa6 Rc8 15. Qb5 Ndf6 16. Qxb4 Qd6 17. Qxd6 Nxd6 18. Ne5 Nfe4 19. Nxe4 Nxe4 20. Rfd1 Nf6 21. Rc6 Rxc6 22. Nxc6 g6 23. Ne7+ Kg7 24. Rc1 Ra8 25. Rc8 Rxc8 26. Nxc8 Ne4 27. Nxa7 Nd6 28. Nc6 Kf6 29. Nb4 Ke6 30. b3 h5 31. Kf1 g5 32. Ke2 f5 33. Nd3 Ne4 34. a4 h4 35. f3 Nf6 36. b4 Ne8 37. a5 bxa5 38. bxa5 Nc7 39. Nb4 g4 40. f4 Kd6 41. Kd2 Nb5 42. a6 Nc7 43. Kc2 Na8 44. Kb3 Nb6 45. Nd3 Kc7 46. Nb2 Kb8 47. Kb4 Ka7 48. Kb5 Nd7 49. Na4 Nf6 50. Nc5 h3 51. gxh3 gxh3 52. Kc6 Ng4 53. Nd3 Nxh2 54. Nf2 Ng4 55. Nxh3 Nxe3 56. Ng5 Kxa6 57. Ne6 Ka5 58. Kd6 Kb4 59. Ke5 Kc4 60. Nc7 Nc2 61. Nxd5 Nxd4 62. Ne3+ Kd3 63. Nxf5 Ne2 64. Nd6 Nxf4 65. Kxf4 1/2-1/2

[Event "Madrid-ch Previa-B"]
[Site "Madrid"]
[Date "2020.02.14"]
[Round "4"]
[White "Sanchez Hernandez, Alvaro"]
[Black "Lopez Martinez, Antonio"]
[Result "1-0"]
[WhiteElo "1772"]
[BlackElo "1563"]
[PlyCount "67"]
[EventDate "2020.02.06"]
[EventType "swiss"]
[EventRounds "9"]
[EventCountry "ESP"]
[SourceTitle "CBM 195 Extra"]
[Source "ChessBase"]
[SourceDate "2020.05.31"]
[SourceVersion "1"]
[SourceVersionDate "2020.05.31"]
[SourceQuality "1"]

1. d4 Nf6 2. c4 e6 3. g3 d5 4. Nf3 c6 5. Bg2 Bb4+ 6. Bd2 Qe7 7. Nc3 Nbd7 8. a3 Ba5 9. 0-0 Bc7 10. Qc2 Rb8 11. cxd5 exd5 12. Nb5 cxb5 13. Qxc7 Qd8 14. Qxd8+ Kxd8 15. Bf4 Ra8 16. Ne5 Ke7 17. Rac1 Ne8 18. Bxd5 f6 19. Nxd7 g5 20. Bxg5 Bxd7 21. Bf4 a5 22. Bxb7 Ra7 23. Bc8 Nd6 24. Bxd6+ Kxd6 25. Bxd7 Rxd7 26. Rfd1 Rb8 27. e3 b4 28. a4 b3 29. Rc5 Ra7 30. Rdc1 Rb4 31. R1c4 Rab7 32. Rxb4 Rxb4 33. Rxa5 Rc4 34. Rb5 1-0

[Event "Madrid-ch Previa-B"]
[Site "Madrid"]
[Date "2020.02.06"]
[Round "1"]
[White "Martin Rodriguez, Jose Luis"]
[Black "Sanchez Hernandez, Alvaro"]
[Result "0-1"]
[WhiteElo "1197"]
[BlackElo "1772"]
[PlyCount "108"]
[EventDate "2020.02.06"]
[EventType "swiss"]
[EventRounds "9"]
[EventCountry "ESP"]
[SourceTitle "CBM 195 Extra"]
[Source "ChessBase"]
[SourceDate "2020.05.31"]
[SourceVersion "1"]
[SourceVersionDate "2020.05.31"]
[SourceQuality "1"]

1. c4 c5 2. Nc3 Nc6 3. Nf3 g6 4. g3 Bg7 5. Bg2 e6 6. 0-0 Nge7 7. e4 0-0 8. a3 d6 9. Rb1 a5 10. d3 Nd4 11. Nxd4 cxd4 12. Ne2 Rb8 13. Bd2 b5 14. Qc1 Ba6 15. Bh6 Bxh6 16. Qxh6 bxc4 17. Nxd4 cxd3 18. Qd2 Qb6 19. Nf3 Rfc8 20. Rfc1 Rxc1+ 21. Rxc1 Qxb2 22. Qh6 Qg7 23. Qd2 Qb2 24. Qh6 f6 25. Bh3 f5 26. Ng5 Qg7 27. Qh4 Bc8 28. Bf1 h6 29. Nf3 g5 30. Qh5 fxe4 31. Nd2 d5 32. Rc7 Qg6 33. Qd1 Rb7 34. Rc5 Ra7 35. Nb3 a4 36. Nd4 Bd7 37. Qb1 Qe8 38. f3 e5 39. Nb5 Bxb5 40. Rxb5 Qd7 41. Qb2 exf3 42. Rb8+ Kf7 43. Bxd3 e4 44. Bb1 Ng6 45. Rb6 Qe7 46. Ba2 Rd7 47. Rb5 Qe5 48. Qd2 Ne7 49. Rb4 e3 50. Qc1 Rc7 51. Qb1 Qc3 52. Qh7+ Ke8 53. Rb8+ Kd7 54. Qb1 Qc1+ 0-1

[Event "Madrid San Viator op-A 31st"]
[Site "Madrid"]
[Date "2019.10.20"]
[Round "6"]
[White "Sanchez Hernandez, Alvaro"]
[Black "Rodriguez Polo, Mateo"]
[Result "0-1"]
[WhiteElo "1765"]
[BlackElo "2037"]
[PlyCount "66"]
[EventDate "2019.09.08"]
[EventType "swiss"]
[EventRounds "9"]
[EventCountry "ESP"]
[SourceTitle "EXT 2022"]
[Source "ChessBase"]
[SourceDate "2021.10.06"]
[SourceVersion "1"]
[SourceVersionDate "2021.10.06"]
[SourceQuality "1"]

1. d4 Nf6 2. c4 e6 3. g3 d5 4. Nf3 dxc4 5. Bg2 Nc6 6. 0-0 Rb8 7. e3 Be7 8. Nfd2 0-0 9. Nxc4 Bd7 10. Nc3 Be8 11. Qe2 Nd5 12. Ne4 b5 13. Ne5 f5 14. Nxc6 Bxc6 15. Nc5 Bxc5 16. dxc5 Qe7 17. e4 fxe4 18. Qxe4 Rbe8 19. Qd4 Rd8 20. Qg4 Nf6 21. Bg5 Bxg2 22. Kxg2 h6 23. Bxf6 Qxf6 24. Qe2 Rd5 25. b4 c6 26. Rfd1 Re5 27. Qf1 Qf3+ 28. Kg1 Re2 29. Qg2 Qxg2+ 30. Kxg2 Rfxf2+ 31. Kg1 Rxh2 32. Rd8+ Kh7 33. Rad1 Rxa2 0-1

[Event "Madrid San Viator op-A 31st"]
[Site "Madrid"]
[Date "2019.10.06"]
[Round "4"]
[White "Ramos Antona, Enrique"]
[Black "Sanchez Hernandez, Alvaro"]
[Result "0-1"]
[WhiteElo "1486"]
[BlackElo "1765"]
[PlyCount "94"]
[EventDate "2019.09.08"]
[EventType "swiss"]
[EventRounds "9"]
[EventCountry "ESP"]
[SourceTitle "EXT 2022"]
[Source "ChessBase"]
[SourceDate "2021.10.06"]
[SourceVersion "1"]
[SourceVersionDate "2021.10.06"]
[SourceQuality "1"]

1. d4 Nf6 2. c4 e6 3. Nf3 Bb4+ 4. Bd2 a5 5. a3 Bxd2+ 6. Nbxd2 d6 7. g3 Nc6 8. Bg2 e5 9. dxe5 dxe5 10. 0-0 0-0 11. Qc2 h6 12. Rad1 Qe7 13. e3 Bg4 14. Ne4 Nxe4 15. Qxe4 f5 16. Qd5+ Rf7 17. Rd2 Rd8 18. Qb5 e4 19. Rxd8+ Qxd8 20. Ne5 Nxe5 21. Qxe5 b6 22. f3 Re7 23. Qd5+ Qxd5 24. cxd5 exf3 25. Bxf3 Rxe3 26. Bxg4 fxg4 27. Rd1 Re2 28. b4 axb4 29. axb4 Re4 30. b5 Rb4 31. Kf2 Rxb5 32. Rd4 Kf7 33. Ke3 Kf6 34. Ke4 h5 35. Rc4 Rc5 36. Ra4 g5 37. Ra2 h4 38. Rf2+ Ke7 39. gxh4 gxh4 40. Rg2 Kd6 41. Rxg4 Rc4+ 42. Kf5 Rxg4 43. Kxg4 b5 44. Kxh4 b4 45. Kg5 b3 46. h4 b2 47. h5 b1Q 0-1